000 00415nam a2200181Ia 4500
001 3776
005 20260306145708.0
008 260306t1997||||xx |||||||||||||| ||spa||
041 _aESP
082 _a303.38
_bT89
100 _aTuesta Soldevilla, Fernando
_eAUT
245 0 _aNo sabe / no opina
260 _c1997
300 _a166 páginas :
_c
650 _aGEN
654 _aCHU
942 _cLIB
_dJUS
_fJUS
_2ddc
_n
999 _c3776
_d3776